Normal view
MARC view
Entry Meeting Name
001 - CONTROL NUMBER
- control field: 18708
003 - CONTROL NUMBER IDENTIFIER
- control field: OSt
005 - DATE AND TIME OF LATEST TRANSACTION
- control field: 20211105134324.0
008 - FIXED-LENGTH DATA ELEMENTS
- fixed length control field: 211105|| aca||aabn | a|a d
040 ## - CATALOGING SOURCE
- Original cataloging agency: OSt
- Transcribing agency: OSt
111 ## - HEADING--MEETING NAME
- Meeting name or jurisdiction name as entry element: Cambridge Workshop
- Number of part/section/meeting: 7th
- Location of meeting: Arizona
- Date of meeting or treaty signing: 1991 Oct. 9-12
670 ## - SOURCE DATA FOUND
- Source citation: Work cat.: (OSt): Cambridge Workshop 7th Arizona 1991 Oct. 9-12, Cool stars, stellar systems and the sun, 1992